Sports Quiz

Random Sports or NFL Quiz

Championship Droughts Through History Quiz Stats

 Plays Quiz Retired Jun 27, 2021

Support Sporcle.
Go Orange.
Score 0/29 Timer 06:00
0 Plays Today
Seasons Team % Correct
107Chicago Cubs
98.3%
85Boston Red Sox
80.9%
87Chicago White Sox
69.9%
97Philadelphia Phillies
53.4%
55San Francisco Giants
49.2%
71Cleveland Indians
46.7%
62Detroit Lions
44.6%
53New York Rangers
41.6%
50St. Louis Blues
40.8%
62Minnesota Twins
38.2%
72Arizona Cardinals
36.3%
65Baltimore Orioles
35.1%
54Brooklyn Dodgers
32.5%
55Philadelphia Eagles
31.6%
52Cleveland Browns
28.9%
Seasons Team % Correct
55Houston Astros
26.1%
68Sacramento Kings
25.9%
59Texas Rangers
24%
61Atlanta Hawks
22.8%
51Toronto Maple Leafs
22.6%
54Buffalo Bills
19.7%
50Minnesota Vikings
19.2%
56Los Angeles Chargers
18.8%
52Cincinnati Bengals
17.8%
54Atlanta Falcons
16%
51Milwaukee Brewers
16%
51San Diego Padres
15.8%
58Tennessee Titans
15.1%
51Phoenix Suns
8.5%

You're not logged in!

Compare scores with friends on all Sporcle quizzes.
OR
Log In
Forgot?

From the Vault

Triple Double Letter Words

by sproutcm

These answers would do pretty well in the NBA.
Remove Ads.
Support Sporcle.
Get the best of Sporcle when you Go Orange. This ad-free experience offers more features, more stats, and more fun while also helping to support Sporcle. Thank you for becoming a member.

Show Comments

Extras

Top Quizzes Today


Score Distribution

Your Account Isn't Verified!

In order to create a playlist on Sporcle, you need to verify the email address you used during registration. Go to your Sporcle Settings to finish the process.

Report this User

Report this user for behavior that violates our Community Guidelines.

Details: